header

John Reed and the writing of revolution (Record no. 83574)

MARC details
000 -LEADER
fixed length control field 01437nam a2200337Ia 4500
100 1# - MAIN ENTRY--AUTHOR NAME
Personal name Lehman, Daniel W.
245 10 - TITLE STATEMENT
Title John Reed and the writing of revolution
260 ## - PUBLICATION, DISTRIBUTION, ETC. (IMPRINT)
Place of publication Athens :
Name of publisher Ohio University Press,
Year of publication c2002.
300 ## - PHYSICAL DESCRIPTION
Number of Pages xii, 294 p. :
Other physical details ill.
650 #0 - SUBJECT ADDED ENTRY--TOPICAL TERM
Topical Term Revolutionary literature, American
Topical Term Literature and society
Topical Term Social problems in literature.
856 40 - ELECTRONIC LOCATION AND ACCESS
Uniform Resource Identifier http://site.ebrary.com/lib/rucke/Doc?id=10137851

No items available.

© 2026 Rongo University
Contact us: librarian | system librarian | Rongo university